| 000 | nam a22 7a 4500 | ||
|---|---|---|---|
| 999 |
_c127123 _d127123 |
||
| 008 | 171016b xxu||||| |||| 00| 0 eng d | ||
| 050 | _aP306.R53713 2006 | ||
| 100 |
_aRicoeur, Paul _937117 |
||
| 245 |
_aOn translation _c/ Paul Ricoeur |
||
| 260 |
_aLondon _bRoutledge Taylor and Francis Group _c2006 |
||
| 300 |
_axx, 46p. ; _c20cm. |
||
| 440 |
_aThinking in action _937118 |
||
| 650 |
_aTranslating and interpreting _920850 |
||
| 710 |
_aBrennan, Eileen _etr. _937119 |
||
| 710 |
_aKearrney, Richard _eintr. _937120 |
||
| 942 |
_2lcc _cMONOGRAPH |
||